| 000 -LEADER |
| fixed length control field |
00808cam a2200265Ia 4500 |
| 001 - CONTROL NUMBER |
| control field |
00710042 |
| 003 - CONTROL NUMBER IDENTIFIER |
| control field |
OSt |
| 005 - DATE AND TIME OF LATEST TRANSACTION |
| control field |
20190725081256.0 |
| 008 - FIXED-LENGTH DATA ELEMENTS--GENERAL INFORMATION |
| fixed length control field |
090729s1987 nyu 000 1 eng d |
| 020 ## - INTERNATIONAL STANDARD BOOK NUMBER |
| International Standard Book Number |
0553211404 |
| 020 ## - INTERNATIONAL STANDARD BOOK NUMBER |
| International Standard Book Number |
9780553211405 |
| 040 ## - CATALOGING SOURCE |
| Original cataloging agency |
VQT |
| Transcribing agency |
VQT |
| Modifying agency |
KH8 |
| 042 ## - AUTHENTICATION CODE |
| Authentication code |
nbic |
| 042 ## - AUTHENTICATION CODE |
| Authentication code |
nbi9912a |
| 082 0# - DEWEY DECIMAL CLASSIFICATION NUMBER |
| Classification number |
FIC BRO |
| 100 1# - MAIN ENTRY--PERSONAL NAME |
| Personal name |
Bronte, Charlotte, |
| Dates associated with a name |
1816-1855. |
| 245 10 - TITLE STATEMENT |
| Title |
Jane Eyre / |
| Statement of responsibility, etc. |
by Charlotte Bronte ; introduction by Joyce Carol Oates. |
| 250 ## - EDITION STATEMENT |
| Edition statement |
Bantam Classic |
| 260 ## - PUBLICATION, DISTRIBUTION, ETC. |
| Place of publication, distribution, etc. |
New York : |
| Name of publisher, distributor, etc. |
Bantam Books, |
| Date of publication, distribution, etc. |
[1987] |
| 300 ## - PHYSICAL DESCRIPTION |
| Extent |
xvi, 433 p. ; |
| Dimensions |
18 cm. |
| 500 ## - GENERAL NOTE |
| General note |
"This is the text of the third edition published by Smith, Cornhill, 1848"--T.p. verso. |
| 600 10 - SUBJECT ADDED ENTRY--PERSONAL NAME |
| Personal name |
Bronte, Charlotte, |
| Dates associated with a name |
1816-1855. |
| Title of a work |
Jane Eyre. |
| 700 1# - ADDED ENTRY--PERSONAL NAME |
| Personal name |
Oates, Joyce Carol, |
| Dates associated with a name |
1938- |
| 942 ## - ADDED ENTRY ELEMENTS (KOHA) |
| Source of classification or shelving scheme |
|
| Koha item type |
Books - Fiction |